CRIATURAS NOCTURNAS (Registro nro. 68755)

Detalles MARC
000 -CABECERA
campo de control de longitud fija 01133nam a22003377a 4500
003 - IDENTIFICADOR DEL NÚMERO DE CONTROL
campo de control BPGM
008 - DATOS DE LONGITUD FIJA--INFORMACIÓN GENERAL
campo de control de longitud fija 260703m20092007mx a|||br|||| 00| 0 spa d
020 ## - NÚMERO INTERNACIONAL ESTÁNDAR DEL LIBRO
Número Internacional Estándar del Libro 978-970-718-761-0
040 ## - FUENTE DE LA CATALOGACIÓN
Lengua de catalogación spa
041 ## - CÓDIGO DE LENGUA
Código de lengua del texto/banda sonora o título independiente spa
Código de lengua original eng
082 04 - NÚMERO DE LA CLASIFICACIÓN DECIMAL DEWEY
Número de edición 1a .
Número de clasificación I / 591.518 /
Número de documento/Ítem P724
100 ## - ENTRADA PRINCIPAL--NOMBRE DE PERSONA
9 (RLIN) PLEDGER, MAURICE
245 ## - MENCIÓN DE TÍTULO
Título CRIATURAS NOCTURNAS
250 ## - MENCIÓN DE EDICIÓN
Mención de edición 1a. ed
Resto de la mención de edición 2007
260 ## - PUBLICACIÓN, DISTRIBUCIÓN, ETC.
Lugar de publicación, distribución, etc. México
Nombre del editor, distribuidor, etc. Silver Dolphin
Fecha de publicación, distribución, etc. 2007
300 ## - DESCRIPCIÓN FÍSICA
Extensión 16 Paginas
Dimensiones 28.6 cm. x 22.6 cm.
336 ## - TIPO DE CONTENIDO
Fuente rdacontent
Término de tipo de contenido texto
Código de tipo de contenido txt
337 ## - TIPO DE MEDIO
Fuente rdamedia
Nombre/término del tipo de medio sin mediación
Código del tipo de medio n
338 ## - TIPO DE SOPORTE
Fuente rdacarrier
Nombre/término del tipo de soporte volumen
Código del tipo de soporte nc
490 0# - MENCIÓN DE SERIE
Mención de serie Sonidos de la naturaleza
505 ## - NOTA DE CONTENIDO CON FORMATO
Nota de contenido con formato Animales nocturnos -- Literatura infantil.
505 ## - NOTA DE CONTENIDO CON FORMATO
Nota de contenido con formato Sonidos de los animales -- Literatura infantil.
505 ## - NOTA DE CONTENIDO CON FORMATO
Nota de contenido con formato Animales -- Hábitos y conducta -- Literatura infantil.
650 ## - PUNTO DE ACCESO ADICIONAL DE MATERIA--TÉRMINO DE MATERIA
Fuente del encabezamiento o término CIENCIAS NATURALES Y MATEMÁTICAS
650 ## - PUNTO DE ACCESO ADICIONAL DE MATERIA--TÉRMINO DE MATERIA
Fuente del encabezamiento o término ANIMALES
650 ## - PUNTO DE ACCESO ADICIONAL DE MATERIA--TÉRMINO DE MATERIA
Fuente del encabezamiento o término TEMAS ESPECÍFICOS EN HISTORIA NATURAL
700 ## - PUNTO DE ACCESO ADICIONAL--NOMBRE DE PERSONA
Nombre de persona LAMBERT, JNATHAN Y REEVES, CAROLINE
Término indicativo de función/relación DISEÑO
700 ## - PUNTO DE ACCESO ADICIONAL--NOMBRE DE PERSONA
Nombre de persona HAWKE, RICHARD
Término indicativo de función/relación INGENIERIA DE PAPEL
700 ## - PUNTO DE ACCESO ADICIONAL--NOMBRE DE PERSONA
Nombre de persona GARZÓN, JOCELYN
Término indicativo de función/relación TRADUCCIÓN
942 ## - ELEMENTOS DE PUNTO DE ACCESO ADICIONAL (KOHA)
Fuente del sistema de clasificación o colocación Dewey Decimal Classification
Tipo de ítem Koha General Infantil
Existencias
Estado de retiro Estado de pérdida Fuente del sistema de clasificación o colocación Estado dañado No para préstamo Localización permanente Ubicación/localización actual Fecha de adquisición Total de préstamos Signatura topográfica completa Fecha visto por última vez Número de copia Precio válido a partir de Tipo de ítem Koha
    Dewey Decimal Classification     BIBLIOTECA PÚBLICA CENTRAL ESTATAL “FRANCISCO CERVANTES” BIBLIOTECA PÚBLICA CENTRAL ESTATAL “FRANCISCO CERVANTES” 07/03/2026   I / 591.518 / P724 07/03/2026 EJ 1 07/03/2026 General Infantil